000 00790cam5a220020500 4500
005 20190819095712.0
008 000512
020 _a1555811183
035 _a(Sirsi) a142586
050 0 _aRB46.5 Man 1997
245 1 0 _aManual of clinical laboratory immunology /
_cRose Noel R. ...[et al]
250 _a5th ed.
260 _aWashington D.C. :
_bAmerican Society for Microbiology,
_c1997.
350 _a25
504 _aIncludes bibliography and index
650 0 _aClinical immunology
_6S85300.1
650 0 _aImmunodiagnosis -- Handbooks, mannuals, etc.
_xImmunodiagnosis -- Handbooks, mannuals, etc.
_6S85907.1
650 0 _aImmunology -- Handbooks, mannuals, etc.
_xImmunology -- Handbooks, mannuals, etc.
_6S85908.1
700 1 0 _aRose, Noel R.
_6A26407.1
999 _c99684
_d99684